mon 11 de légende ( football ) - Statistiques

Statistiques générales
  • Ce quiz a été pris 1 249 fois
  • Le résultat moyen est 9 sur 18
Statistiques - réponses
Hint Réponse % Correct
real madrid gardien casillas
93%
psg défenseur central thiago silva
82%
psg défenseur central marquinhos
78%
barcelone défenseur droit daniel alves
75%
real madrid ailier gauche cristiano ronaldo
70%
psg milieu verratti
70%
psg défenseur gauche maxwell
52%
psg buteur ibrahimovic'
51%
real madrid rp défenseur gauche marcelo
48%
lyon rp gardien anthony lopes
45%
real madrid / psg ailier droit di maria
45%
bayern munich rp ailier droit robben
39%
arsenal / chelsea / milan ac rp buteur giroud
37%
liverpool rp milieu gerrard
30%
lyon / roma / juventus milieu pjanic
23%
tottenham milieu eriksen
18%
psg rp milieu pastore
14%
manchester city / real madrid rp ailier droit robinho
11%
Aucun quiz correspondant
Distribution des résultats
% des personnes avec chaque résultat
Percentile par nombre de réponses
Votre historique - résultats
Vous n’avez pas pris ce quiz